| 000 | 01082nam a2200277 a 4500 | ||
|---|---|---|---|
| 001 | BRL_1778 | ||
| 005 | 20190320211350.0 | ||
| 008 | 300715s1975----nyu#######---#000-0#eng-# | ||
| 020 | _a0671412965 | ||
| 041 |
_aeng _hspa |
||
| 044 | _anyu | ||
| 050 | 4 |
_aPC4640 _b.U55 1975 |
|
| 245 | 1 | 0 |
_aThe University of Chicago Spanish dictionary, Spanish-English, English-Spanish _ba new concise Spanish-English and English-Spanish dictionary of words and phrases basic to the written and spoken languages of today _ccompiled by Carlos Castillo & Otto F. Bond, with the assistance of Barbara M. Garcia. |
| 260 |
_aNew York _bPocket Books _c1975 |
||
| 300 |
_axlvi, 202, xiii, 233 p. _c18 cm. |
||
| 500 | _aAu1975 | ||
| 500 | _aTexto en español e inglés | ||
| 650 | 1 | 4 |
_aEspañol _vDiccionarios _xInglés _95934 |
| 650 | 1 | 4 |
_aInglés _vDiccionarios _xEspañol _95933 |
| 700 | 1 |
_aCastillo, Carlos _d1889-1967 _927853 |
|
| 700 | 1 |
_aBond, Otto Ferdinand _d1885- _927854 |
|
| 700 | 1 |
_aGarciìa, Barbara M. _927855 |
|
| 710 | 2 |
_aUniversity of Chicago _927856 |
|
| 902 | _aGRL | ||
| 942 |
_2lcc _cB |
||
| 999 |
_c10586 _d10586 |
||